I'll still take my stand /

Bibliographic Details
Other Authors: Smith, Frank E. (Frank Ellis), 1918-1997, Allin, John Maury
Format: Book
Language:English
Published: Vicksburg, Miss. : Yazoo Press, [1980]
Subjects:

MARC

Tag First Indicator Second Indicator Subfields
LEADER 00000cam a2200000 a 4500
001 in00000085444
005 20151008061502.0
008 810414s1980 msu b 00000 eng
010 |a  80052909  
035 |a (OCoLC)07064649 
035 |9 AAJ8165AM 
039 0 |a 2  |b 3  |c 3  |d 3  |e 3 
040 |a DLC  |c DLC  |d TXA  |d UtOrBLW 
043 |a n-usu-- 
049 |a TXAM  |c [1561299] 
050 0 0 |a HC107.A13  |b I3 
082 0 |a 975/.043  |2 19 
245 0 0 |a I'll still take my stand /  |c by 22 Southerners, John Allin [and others] ; Frank E. Smith, editor. 
264 1 |a Vicksburg, Miss. :  |b Yazoo Press,  |c [1980] 
264 4 |c ©1980 
300 |a 197 pages ;  |c 22 cm. 
336 |a text  |b txt  |2 rdacontent 
337 |a unmediated  |b n  |2 rdamedia 
338 |a volume  |b nc  |2 rdacarrier 
500 |a Consists of papers presented at seminars sponsored by the Center for Public Administration and Policy at Virginia Polytechnic Institute and State University. 
504 |a Includes bibliographical references. 
651 0 |a Southern States  |x Economic conditions  |y 1945- 
651 0 |a Southern States  |x Politics and government  |y 1951- 
651 0 |a Southern States  |x Social conditions. 
700 1 |a Smith, Frank E.  |q (Frank Ellis),  |d 1918-1997. 
700 1 |a Allin, John Maury. 
999 |a MARS 
999 f f |s 77e6792e-76d2-38f6-8842-866f824ec9e5  |i bc2f3a73-27cc-3447-a8da-7247995da1c6  |t 0 
952 f f |p ric  |a Texas A&M University  |b Rellis Campus  |c Joint Library Facility  |d Remote Storage  |t 0  |e HC107.A13 I3  |h Library of Congress classification  |i unmediated -- volume  |m A14806121665 
998 f f |a HC107.A13 I3  |t 0  |l Remote Storage